Statistics for Historical Monument to Country Match (Country Shapes)

Click here to take the quiz!

General Stats

  • This quiz has been taken 24 times
  • The average score is 12 of 14

Answer Stats

Answer% Correct
United Kingdom
100%
China
96%
Egypt
96%
Greece
96%
Indonesia
96%
Italy
96%
India
92%
Mexico
92%
Peru
92%
Chile
88%
Jordan
83%
Cambodia
79%
Guatemala
58%
Isreal
46%

Score Distribution

Percentile by Number Answered

Percent of People with Each Score

Your Score History

You have not taken this quiz